LEADER 00887nam a2200241 a 4500 001 000000135416 003 CaOOAMICUS 005 20130906113218.0 008 130906s1970 it u000 u ita r 040 $aPUL$bita 100 1 $aCattaneo, Giulio.$0(OLS)http://pul/name/78086 245 13$aLe rughe di Firenze /$cGiulio Cattaneo. 260 $aMilano :$bMondadori,$c1970. 300 $a163 p. ;$c23 cm 490 1 $aScrittori italiani e stranieri 830 0$aScrittori italiani e stranieri (A. Mondadori).$0(OLS)http://pul/title/76940 850 $aPUL 852 $aPUL$W1$xDP1 Fondo E. Rossi$y115$m2 A 72$j156013$qFondi$B155459$CPULBib$Z2$F155459 $82 941 1 $a1 961 $aSul dorso collocazione ms. di E. Rossi: I 46 996 $6245$aLe rughe di Firenze$9(OLS)http://pul/title/171222 996 $6260$aMilano :$bMondadori$9(OLS)http://pul/publisher/50297 LEADER 01461nam a2200277 a 4500 001 000000155846 003 CaOOAMICUS 005 20161104132336.0 008 161104s1993 it u000 u ita r 032 $aLibriCat 040 $aPUL$bita 100 1 $aUrbanski, Jan Piotr,$cO.F.M.$0(OLS)http://pul/name/99288 245 10$aKaleõ nella lettera ai Galati (1,6.15-16; 5,7-8.13) :$bstudio esegetico-teologico della chiamata in Paolo /$cUrbanski Jan Piotr OFM. 260 $aRoma :$bPontificia Università S. Tommaso d'Aquino,$c1993. 300 $a117 p. ;$c24 cm. 500 $aIn testa al front.: Pontificia Studiorum Universitas a S. Thoma Aq. in Urbe. 502 $aEstratto da tesi -- Pontificiam Universitatem S. Thomae de Urbe, Facultate S. Theologiae, 1993. 504 $aBibliografia in nota. 630 04$aBiblia.$pN.T.$pAd Galatas$xEsegesi.$0(OLS)http://pul/subject/35239 710 2 $aPontificia Università S. Tommaso.$bFacoltà di teologia.$kTesi.$0(OLS)http://pul/name/81834 850 $aPUL 852 $aPUL$W1$xDP1 Tesi Pon. Univ. S. Tommaso$y44$mTH S.THOM 861$j178996$qTesi$B182164$CPULBib$Z2$F182164 $H71560 $81 941 1 $a16 996 $6245$aKaleõ nella lettera ai Galati (1,6.15-16; 5,7-8.13) :$bstudio esegetico-teologico della chiamata in Paolo$9(OLS)http://pul/title/195499 996 $6260$aRoma :$bPontificia Università S. Tommaso d'Aquino$9(OLS)http://pul/publisher/74417